[Event "79th ITA-ch 2019"]
[Site "Padova"]
[Date "2019.12.04"]
[Round "10"]
[White "Stella, Andrea"]
[Black "Moroni, Luca Jr"]
[Result "1/2-1/2"]
[WhiteElo "2475"]
[BlackElo "2541"]
[Annotator "ChessBase"]
[PlyCount "105"]
[EventDate "2019.11.24"]
[EventType "tourn"]
[EventCountry "ITA"]
[SourceTitle "playchess.com"]
[Source "ChessBase"]
[SourceQuality "1"]
[TimeControl "40/6600+30:20/3000+30:900+30"]

1. c4 b6 2. d4 Bb7 3. Nc3 e6 4. e4 Bb4 5. Qc2 Ne7 6. Bd3 f5 7. Nge2 O-O 8. O-O Nbc6 9. Bd2 Qe8 10. a3 Bxc3 11. Bxc3 f4 12. d5 Nd8 13. f3 Ng6 14. b4 Nf7 15. Qb2 e5 16. a4 Nh4 17. a5 Qe7 18. Nc1 g5 19. Nb3 Rab8 20. c5 h5 21. axb6 axb6 22. d6 cxd6 23. cxb6 g4 24. Na5 gxf3 25. gxf3 Kh8 26. Kh1 Ng5 27. Nxb7 Rxb7 28. Ra7 Rbb8 29. Bb5 Ngxf3 30. Qe2 Rxb6 31. Bxd7 Rg8 32. Rxf3 Qg5 33. Ra1 Nxf3 34. Qxf3 Ra6 35. Rf1 Rg7 36. Bh3 Ra8 37. Be1 Ra1 38. Bf2 Rxf1+ 39. Bxf1 Rc7 40. b5 Rc1 41. Qg2 Qg4 42. Qxg4 hxg4 43. Kg2 Rb1 44. b6 f3+ 45. Kg1 Kg7 46. Be3 Kg6 47. Kf2 Kh5 48. Ba6 Kh4 49. b7 Rb2+ 50. Kg1 Rb1+ 51. Kf2 Rb2+ 52. Kg1 Rb1+ 53. Kf2 1/2-1/2

[Event "79th ITA-ch 2019"]
[Site "Padova"]
[Date "2019.12.04"]
[Round "10"]
[White "Lodici, Lorenzo"]
[Black "Basso, Pier Luigi"]
[Result "1-0"]
[WhiteElo "2459"]
[BlackElo "2563"]
[Annotator "ChessBase"]
[PlyCount "119"]
[EventDate "2019.11.24"]
[EventType "tourn"]
[EventCountry "ITA"]
[SourceTitle "playchess.com"]
[Source "ChessBase"]
[SourceQuality "1"]
[TimeControl "40/6600+30:20/3000+30:900+30"]

1. d4 d5 2. c4 c6 3. Nc3 Nf6 4. Nf3 e6 5. e3 Nbd7 6. Bd3 dxc4 7. Bxc4 b5 8. Bd3 Bb7 9. e4 b4 10. Na4 c5 11. e5 Nd5 12. O-O cxd4 13. Nxd4 Nxe5 14. Bb5+ Nd7 15. Re1 Rc8 16. b3 Be7 17. Rxe6 O-O 18. Nc6 Bxc6 19. Rxc6 Nc7 20. Bf1 Ne5 21. Qxd8 Rfxd8 22. Rc2 Ne6 23. Rxc8 Rxc8 24. Be3 Rc2 25. Rc1 Rxc1 26. Bxc1 Nc6 27. g3 Ned4 28. f4 f5 29. Kf2 Kf8 30. Ke3 Bf6 31. Bd2 Ke7 32. Bg2 Kd6 33. Kd3 h5 34. Nb2 h4 35. Nc4+ Kc7 36. Ne3 Kd6 37. gxh4 g6 38. h5 gxh5 39. Nd5 Bg7 40. Nxb4 Ne7 41. Be3 Ne6 42. Kc4 a5 43. Nd3 Nc6 44. Bd2 Bh6 45. a4 h4 46. Bxc6 Kxc6 47. Bxa5 Bxf4 48. Nxf4 Nxf4 49. b4 Ng6 50. b5+ Kb7 51. Kd4 h3 52. Bd8 Nf8 53. Be7 Ng6 54. Bg5 Kb6 55. Bd8+ Ka7 56. a5 Nf8 57. Ke5 f4 58. Bb6+ Kb7 59. Kxf4 Ne6+ 60. Ke4 1-0

[Event "79th ITA-ch 2019"]
[Site "Padova"]
[Date "2019.12.04"]
[Round "10"]
[White "Bellia, Fabrizio"]
[Black "Di Benedetto, Edoardo"]
[Result "1-0"]
[WhiteElo "2433"]
[BlackElo "2396"]
[Annotator "NA"]
[PlyCount "99"]
[EventDate "2019.11.24"]
[EventType "tourn"]
[EventCountry "ITA"]
[SourceTitle "playchess.com"]
[Source "ChessBase"]
[SourceQuality "1"]
[TimeControl "40/6600+30:20/3000+30:900+30"]

1. e4 e6 2. d4 d5 3. Nc3 Nf6 4. e5 Nfd7 5. f4 c5 6. Nf3 Nc6 7. Be3 Be7 8. a3 O-O 9. dxc5 Bxc5 10. Bxc5 Nxc5 11. b4 Nd7 12. Bd3 f6 13. O-O $1 fxe5 14. Bxh7+ $1 Kxh7 15. Ng5+ {Double Attack} Kg8 16. Nxe6 {Double Attack} Qb6+ 17. Kh1 Nf6 $18 ({Better is} 17... Ne7 $14 18. Nxf8 Nxf8) 18. Nxf8 Bg4 19. Nd7 Bxd7 20. Nxd5 Qd4 21. Nxf6+ gxf6 22. fxe5 Qxd1 23. Raxd1 Nxe5 24. Rxf6 Rc8 25. Rf2 Ba4 26. Rd5 Nf7 27. Ra5 Bxc2 28. Rxa7 Be4 29. h3 Rc3 30. Kh2 Kg7 31. b5 Nd6 32. Ra4 Nc4 33. Rb4 Bd5 34. a4 b6 35. Rb1 Rd3 36. Re1 Ne3 37. Rc1 Kg6 38. Rc8 Ra3 39. Rb8 Nc4 40. Rd8 Be6 41. Rdf8 Bd5 42. R8f6+ Kh7 43. R6f5 Ne3 44. R5f4 Ra1 45. Rd4 Bc4 46. Kg3 Kg6 47. Rd6+ Kg5 48. h4+ Kh5 49. Rff6 Nf1+ 50. Kf4 1-0

[Event "79th ITA-ch 2019"]
[Site "Padova"]
[Date "2019.12.04"]
[Round "10"]
[White "Brunello, Marina"]
[Black "Valsecchi, Alessio"]
[Result "0-1"]
[WhiteElo "2378"]
[BlackElo "2504"]
[Annotator "ChessBase"]
[PlyCount "129"]
[EventDate "2019.11.24"]
[EventType "tourn"]
[EventCountry "ITA"]
[SourceTitle "playchess.com"]
[Source "ChessBase"]
[SourceQuality "1"]
[TimeControl "40/6600+30:20/3000+30:900+30"]

1. e4 c5 2. Nf3 Nc6 3. d4 cxd4 4. Nxd4 Qb6 5. Nb3 Nf6 6. Nc3 e6 7. a3 Be7 8. Bf4 h5 9. h3 e5 10. Be3 Qd8 11. Be2 d6 12. Bg5 g6 13. Bc4 a6 14. Qd2 Be6 15. Bxe6 fxe6 16. O-O-O Rf8 17. Kb1 Qc7 18. Qe3 O-O-O 19. Bxf6 Bxf6 20. Rd3 Kb8 21. Rhd1 Be7 22. Na2 Rc8 23. f3 g5 24. g4 Rh8 25. Rc3 Qd8 26. Nb4 Nxb4 27. Rxc8+ Qxc8 28. axb4 Qc4 29. Qd2 b6 30. Qd3 Qxd3 31. Rxd3 hxg4 32. hxg4 Rh1+ 33. Ka2 Kc7 34. Nd2 b5 35. Nb1 Rc1 36. Na3 Kc6 37. Rc3+ Kd7 38. Rd3 Kc6 39. Rc3+ Kd7 40. Rd3 d5 41. exd5 exd5 42. Rxd5+ Ke6 43. Rd3 Bxb4 44. Kb3 Bc5 45. c3 Rf1 46. Nc2 Rf2 47. Na3 Bd6 48. c4 b4 49. Nb1 e4 50. fxe4 Bf4 51. Kxb4 Rxb2+ 52. Rb3 Bd6+ 53. Kc3 Be5+ 54. Kb4 Bd6+ 55. Kc3 Rxb3+ 56. Kxb3 Ke5 57. Nc3 Kf4 58. Ka4 Kxg4 59. Nd5 Kf3 60. Nf6 Be5 61. Nd7 Kxe4 62. Ka5 g4 63. c5 g3 64. Nxe5 Kxe5 65. c6 0-1

[Event "79th ITA-ch 2019"]
[Site "Padova"]
[Date "2019.12.03"]
[Round "10.1"]
[White "Lodici, Lorenzo"]
[Black "Brunello, Sabino"]
[Result "1-0"]
[WhiteElo "2459"]
[BlackElo "2549"]
[Annotator "ChessBase"]
[PlyCount "81"]
[EventDate "2019.11.24"]
[EventType "tourn"]
[EventCountry "ITA"]
[SourceTitle "playchess.com"]
[Source "ChessBase"]
[SourceQuality "1"]
[TimeControl "40/6600+30:20/3000+30:900+30"]

1. d4 d5 2. c4 c6 3. cxd5 cxd5 4. Bg5 h6 5. Bh4 Qb6 6. Nc3 e6 7. Qd2 Be7 8. Bxe7 Nxe7 9. e3 O-O 10. Bd3 Bd7 11. Nf3 Rc8 12. O-O Be8 13. Rac1 Nbc6 14. e4 Nb4 15. Bb1 dxe4 16. Nxe4 Rxc1 17. Rxc1 Rd8 18. Rc3 Nbd5 19. Rc5 Nf5 20. a3 Bc6 21. b4 a6 22. h4 Qc7 23. g4 Nfe7 24. Ne5 f6 25. Nxc6 Nxc6 26. Ba2 Qf4 27. Qxf4 Nxf4 28. d5 exd5 29. Nc3 Ne7 30. Rc7 Kf8 31. Rxb7 Neg6 32. Kh2 Nxh4 33. Kg3 g5 34. Rb6 Kg7 35. Rxa6 f5 36. gxf5 Nxf5+ 37. Kg4 Ne7 38. b5 Rc8 39. b6 Rxc3 40. b7 Nfg6 41. b8=Q 1-0

[Event "79th ITA-ch 2019"]
[Site "Padova"]
[Date "2019.12.03"]
[Round "10.2"]
[White "Basso, Pier Luigi"]
[Black "David, Alberto"]
[Result "1/2-1/2"]
[WhiteElo "2563"]
[BlackElo "2542"]
[Annotator "TA"]
[PlyCount "55"]
[EventDate "2019.11.24"]
[EventType "tourn"]
[EventCountry "ITA"]
[SourceTitle "playchess.com"]
[Source "ChessBase"]
[SourceQuality "1"]

{[%evp 12,55,33,19,21,22,27,22,54,41,43,38,47,43,60,52,64,67,75,27,83,75,102,87,100,80,73,81,67,66,66,66,66,66,66,66,66,67,66,62,102,102,79,0,0,-32]} 1. d4 Nf6 2. c4 d6 3. Nc3 e5 4. Nf3 Nbd7 5. Bg5 Be7 6. e3 c6 7. Bd3 h6 {A54: Old Indian Defence with Nf3, but without e4} (7... O-O 8. O-O Re8 9. Qc2 h6 10. Bxf6 Bxf6 11. Rad1 exd4 12. Nxd4 Bxd4 13. exd4 Nf6 14. h3 Qb6 15. Ne4 Nxe4 16. Bxe4 {0-1 (47) Moiseenko,A (2692)-Movsesian,S (2658) Berlin 2015}) 8. Bh4 exd4 9. Nxd4 $146 ({Predecessor:} 9. exd4 Nh5 10. Bg3 Ndf6 11. Bc2 Nxg3 12. hxg3 d5 13. c5 Ng4 14. Qd3 b6 15. O-O {0-1 (30) Kryvoruchko,V (2166)-Sevostianov,P (2248) Lvov 2017}) 9... Ne5 10. Be2 O-O 11. O-O Bd7 12. Bg3 Re8 13. Qc2 Bf8 14. Rfd1 Qc8 15. Rd2 Ng6 (15... a6 $11 {remains equal.}) 16. Rad1 $16 Kh8 17. b3 Kg8 18. Bd3 Ne5 19. Bf5 g6 20. Bxd7 Nexd7 21. Nde2 Ne5 22. h3 Qc7 23. Bh2 Rac8 24. Qb2 a6 25. Ng3 Ned7 26. Qb1 Qa5 27. Nce4 ({Better is} 27. Nge2 $16) 27... d5 $11 28. Nxf6+ {Accuracy: White = 72%, Black = 54%.} 1/2-1/2

[Event "79th ITA-ch 2019"]
[Site "Padova"]
[Date "2019.12.03"]
[Round "10.3"]
[White "Gilevych, Artem"]
[Black "Brunello, Marina"]
[Result "1-0"]
[WhiteElo "2437"]
[BlackElo "2378"]
[Annotator "ChessBase"]
[PlyCount "93"]
[EventDate "2019.11.24"]
[EventType "tourn"]
[EventCountry "ITA"]
[SourceTitle "playchess.com"]
[Source "ChessBase"]
[SourceQuality "1"]
[TimeControl "40/6600+30:20/3000+30:900+30"]

1. d4 d5 2. c4 c6 3. Nf3 Nf6 4. Nc3 e6 5. e3 Nbd7 6. Qc2 Bd6 7. Bd3 O-O 8. O-O h6 9. Rd1 Qe7 10. c5 Bb8 11. e4 e5 12. exd5 Nxd5 13. a3 exd4 14. Nxd5 cxd5 15. b4 Ne5 16. Nxd4 Bg4 17. Re1 Qh4 18. g3 Qh5 19. Bf1 Bc7 20. Bb2 Rad8 21. Qc3 Bf3 22. Be2 Bxe2 23. Rxe2 Nc4 24. f4 Nxb2 25. Qxb2 Qg6 26. Qb1 Qg4 27. Qf5 Qxf5 28. Nxf5 Rd7 29. Rd1 Rfd8 30. Red2 Kf8 31. Rd4 Bb8 32. Kg2 f6 33. Kf3 h5 34. Ne3 Kf7 35. Rxd5 Rxd5 36. Rxd5 Rxd5 37. Nxd5 Ke6 38. Ke4 g5 39. a4 f5+ 40. Kd4 g4 41. b5 Kd7 42. Nf6+ Ke7 43. Nxh5 Kf7 44. Kd5 Bc7 45. c6 bxc6+ 46. bxc6 a6 47. Ng7 1-0

[Event "79th ITA-ch 2019"]
[Site "Padova"]
[Date "2019.12.03"]
[Round "10.4"]
[White "Valsecchi, Alessio"]
[Black "Stella, Andrea"]
[Result "1-0"]
[WhiteElo "2504"]
[BlackElo "2475"]
[Annotator "ChessBase"]
[PlyCount "41"]
[EventDate "2019.11.24"]
[EventType "tourn"]
[EventCountry "ITA"]
[SourceTitle "playchess.com"]
[Source "ChessBase"]
[SourceQuality "1"]
[TimeControl "40/6600+30:20/3000+30:900+30"]

1. e4 e6 2. d4 d5 3. Nc3 Nf6 4. e5 Nfd7 5. f4 c5 6. Nf3 Nc6 7. Be3 Be7 8. a3 a6 9. dxc5 Nxc5 10. Be2 O-O 11. b4 Nd7 12. O-O f6 13. Nd4 Nxd4 14. Bxd4 fxe5 15. fxe5 Qc7 16. Qd3 Nxe5 17. Qg3 Rxf1+ 18. Rxf1 Bd6 19. Kh1 Nc6 20. Bc5 e5 21. Nxd5 1-0

[Event "79th ITA-ch 2019"]
[Site "Padova"]
[Date "2019.12.03"]
[Round "10.5"]
[White "Moroni, Luca Jr"]
[Black "Bellia, Fabrizio"]
[Result "1-0"]
[WhiteElo "2541"]
[BlackElo "2433"]
[Annotator "ChessBase"]
[PlyCount "201"]
[EventDate "2019.11.24"]
[EventType "tourn"]
[EventCountry "ITA"]
[SourceTitle "playchess.com"]
[Source "ChessBase"]
[SourceQuality "1"]
[TimeControl "40/6600+30:20/3000+30:900+30"]

1. d4 Nf6 2. c4 e6 3. Nc3 Bb4 4. Nf3 b6 5. e3 O-O 6. Bd3 d5 7. O-O Bb7 8. cxd5 exd5 9. Ne5 Nbd7 10. f4 c5 11. a3 Bxc3 12. bxc3 Ne4 13. Bb2 Nxe5 14. fxe5 Qg5 15. Rf4 Rad8 16. Qe2 f6 17. Bxe4 dxe4 18. Raf1 f5 19. a4 Qg6 20. c4 Ba6 21. Rc1 Qc6 22. Qc2 cxd4 23. exd4 Rc8 24. Ba3 Qh6 25. Qf2 e3 26. Qxe3 Rfe8 27. Qf2 Bxc4 28. Rxf5 Qe6 29. h3 h6 30. Rc3 Bd5 31. Rg3 Kh7 32. Bd6 Rg8 33. Kh2 Rc4 34. Rf4 Kh8 35. Qd2 Qd7 36. a5 bxa5 37. Qxa5 Qb7 38. Rf8 Rc8 39. Rxc8 Rxc8 40. Bc5 Rc7 41. Qe1 Qc6 42. Bd6 Rb7 43. Qd2 Rb3 44. Rg4 Rb7 45. Qd3 Be6 46. Rh4 Qd5 47. Qg6 Rf7 48. Ba3 Rf1 49. Be7 Bf7 50. Qg3 Qb3 51. Qxb3 Bxb3 52. Re4 Be6 53. Re2 Rd1 54. Bc5 a5 55. Rb2 Kg8 56. Rb8+ Kf7 57. Rf8+ Kg6 58. Re8 Bf7 59. Re7 Bd5 60. Rd7 Be6 61. Ra7 Rd2 62. Kg1 Bd5 63. Rd7 Be6 64. Rd6 Kf7 65. g4 a4 66. Ra6 Bb3 67. Ra7+ Kg8 68. h4 g5 69. h5 Be6 70. Rxa4 Bxg4 71. Ra6 Kg7 72. Ra7+ Kg8 73. Ra6 Kg7 74. e6 Bxh5 75. Ra8 g4 76. e7 Re2 77. d5 g3 78. d6 Rd2 79. Bb4 Rd3 80. e8=Q Bxe8 81. Rxe8 h5 82. Re4 Kg6 83. Kg2 Kg5 84. Kh3 Kf5 85. Rh4 Kg5 86. Rc4 Kf5 87. Rc5+ Kg6 88. Rc3 Rd4 89. Rxg3+ Kf5 90. Bc5 Rd5 91. Kh4 Ke6 92. Rg6+ Kd7 93. Rg5 Rd3 94. Re5 Kc6 95. Kxh5 Rd1 96. Kg6 Rd2 97. Kf7 Rd1 98. Ke8 Rd2 99. Bb4 Rd4 100. Ba3 Rd3 101. d7 1-0

[Event "79th ITA-ch 2019"]
[Site "Padova"]
[Date "2019.12.03"]
[Round "10.6"]
[White "Di Benedetto, Edoardo"]
[Black "Barp, Alberto"]
[Result "1-0"]
[WhiteElo "2396"]
[BlackElo "2382"]
[Annotator "ChessBase"]
[PlyCount "105"]
[EventDate "2019.11.24"]
[EventType "tourn"]
[EventCountry "ITA"]
[SourceTitle "playchess.com"]
[Source "ChessBase"]
[SourceQuality "1"]
[TimeControl "40/6600+30:20/3000+30:900+30"]

1. d4 Nf6 2. c4 e6 3. Nc3 Bb4 4. e3 O-O 5. Bd3 d5 6. cxd5 exd5 7. Nge2 Re8 8. O-O Bd6 9. Nf4 c6 10. f3 b6 11. Bc2 Ba6 12. Re1 Nbd7 13. g3 Rc8 14. Bd2 Bb7 15. e4 dxe4 16. Nxe4 Be7 17. Bc3 Nd5 18. Nxd5 cxd5 19. Nf2 g6 20. Qd3 Qc7 21. Ng4 Bf8 22. f4 Bg7 23. Ne5 Nf6 24. Ba4 Red8 25. Bb4 Ne4 26. Qe3 b5 27. Rac1 Qb6 28. Bb3 a5 29. Bc5 Qf6 30. a3 a4 31. Ba2 h5 32. Bb4 Qf5 33. Bb1 f6 34. Nf3 Kh7 35. Bd3 Qd7 36. Qe2 Bc6 37. Nh4 Qg4 38. Qg2 Bd7 39. Be2 Qe6 40. f5 Qb6 41. fxg6+ Kg8 42. Bc5 Nxc5 43. dxc5 Rxc5 44. Qf2 Bf8 45. Kg2 Qc6 46. Rxc5 Bxc5 47. Qf4 Re8 48. Qh6 Re7 49. Bf3 Bh3+ 50. Kxh3 Qd7+ 51. g4 Rxe1 52. Bxd5+ Qxd5 53. Qh7+ 1-0

[Event "79th ITA-ch 2019"]
[Site "Padova"]
[Date "2019.12.05"]
[Round "11"]
[White "Basso, Pier Luigi"]
[Black "Brunello, Sabino"]
[Result "1-0"]
[WhiteElo "2563"]
[BlackElo "2549"]
[Annotator "ChessBase"]
[PlyCount "49"]
[EventDate "2019.11.24"]
[EventType "tourn"]
[EventCountry "ITA"]
[SourceTitle "playchess.com"]
[Source "ChessBase"]
[SourceQuality "1"]
[TimeControl "40/6600+30:20/3000+30:900+30"]

1. d4 d5 2. c4 c6 3. Nf3 Nf6 4. Nc3 dxc4 5. e4 b5 6. Be2 b4 7. Na4 Nxe4 8. Bxc4 Nd6 9. Bb3 e6 10. O-O Be7 11. Qc2 O-O 12. Rd1 Qa5 13. Ne5 Nf5 14. Bf4 Rd8 15. Qe4 g6 16. Rac1 Qb5 17. Nc5 Na6 18. Nxc6 Nxc5 19. Nxe7+ Nxe7 20. Qxa8 Nxb3 21. axb3 Qd5 22. Qxa7 Bb7 23. f3 Kg7 24. Qc5 Nf5 25. Be5+ 1-0

[Event "79th ITA-ch 2019"]
[Site "Padova"]
[Date "2019.12.05"]
[Round "11"]
[White "Moroni, Luca Jr"]
[Black "Brunello, Marina"]
[Result "1/2-1/2"]
[WhiteElo "2541"]
[BlackElo "2378"]
[Annotator "TA"]
[PlyCount "59"]
[EventDate "2019.11.24"]
[EventType "tourn"]
[EventCountry "ITA"]
[SourceTitle "playchess.com"]
[Source "ChessBase"]
[SourceQuality "1"]

{[%evp 9,59,6,12,3,13,8,5,-5,0,-9,20,16,34,0,0,0,0,0,9,0,-6,-21,-1,-12,-15,-9,23,13,0,0,0,-31,3,-37,0,0,0,0,0,0,0,0,0,0,0,0,0,0,0,0,0,0]} 1. Nf3 d5 2. g3 c6 3. Bg2 Bg4 4. O-O e6 5. d3 Bd6 6. e4 {A07: Réti Opening: New York and Capablanca Systems} Ne7 7. h3 Bh5 8. Qe1 Nd7 9. Nc3 Bb4 $146 ({Predecessor:} 9... O-O 10. Ne2 e5 11. Nh4 Re8 12. Nc3 Nb6 {1-0 (53) Nakamura,H (2786)-Grigoriants,S (2576) chess.com INT 2017}) 10. g4 Bg6 11. Bd2 h5 12. g5 h4 13. a3 Bd6 14. b4 Bb8 15. Nh2 dxe4 16. Nxe4 Nf5 17. f4 Kf8 18. Ng4 e5 19. Qf2 Kg8 20. Rfe1 Bc7 21. c4 Qb8 {[%cal Re5f4]} 22. fxe5 {The position is equal.} Nxe5 23. Nef6+ gxf6 24. Nxf6+ Kg7 25. Bc3 $1 {[#] And now Nd7 would win.} Nxd3 {Threatens to win with ...Bh2+.} ({But not} 25... Bb6 $2 26. c5 $18) 26. Nd7+ Kh7 27. Nf6+ Kg7 28. Nd7+ Kh7 29. Nf6+ Kg7 30. Nd7+ {Accuracy: White = 48%, Black = 64%.} 1/2-1/2

[Event "79th ITA-ch 2019"]
[Site "Padova"]
[Date "2019.12.05"]
[Round "11"]
[White "Valsecchi, Alessio"]
[Black "David, Alberto"]
[Result "0-1"]
[WhiteElo "2504"]
[BlackElo "2542"]
[Annotator "ChessBase"]
[PlyCount "76"]
[EventDate "2019.11.24"]
[EventType "tourn"]
[EventCountry "ITA"]
[SourceTitle "playchess.com"]
[Source "ChessBase"]
[SourceQuality "1"]
[TimeControl "40/6600+30:20/3000+30:900+30"]

1. e4 c6 2. d4 d5 3. exd5 cxd5 4. Bd3 Nc6 5. c3 Qc7 6. Na3 a6 7. Nc2 e6 8. Nf3 Bd6 9. O-O h6 10. Re1 Nf6 11. Qe2 b6 12. b3 Bb7 13. Bb2 O-O 14. Rac1 b5 15. Ne5 Rfe8 16. Nb4 Qb6 17. Nbxc6 Bxc6 18. h4 Bb7 19. Bb1 Rac8 20. Qd3 Ne4 21. f3 Bxe5 22. fxe4 dxe4 23. Rxe4 Bd6 24. Re2 f5 25. Rf1 Bd5 26. Qh3 h5 27. Qe3 Qd8 28. g3 Qf6 29. Qd3 Qg6 30. Re3 Qg4 31. Rf2 g5 32. Kf1 gxh4 33. gxh4 Re7 34. Qe2 Rg7 35. Qxg4 hxg4 36. Bc1 g3 37. Rg2 f4 38. Rd3 f3 0-1

[Event "79th ITA-ch 2019"]
[Site "Padova"]
[Date "2019.12.05"]
[Round "11"]
[White "Gilevych, Artem"]
[Black "Lodici, Lorenzo"]
[Result "0-1"]
[WhiteElo "2437"]
[BlackElo "2459"]
[Annotator "ChessBase"]
[PlyCount "116"]
[EventDate "2019.11.24"]
[EventType "tourn"]
[EventCountry "ITA"]
[SourceTitle "playchess.com"]
[Source "ChessBase"]
[SourceQuality "1"]
[TimeControl "40/6600+30:20/3000+30:900+30"]

1. d4 Nf6 2. Bf4 d5 3. Nc3 a6 4. e3 b5 5. a3 e6 6. Nf3 Bb7 7. Ne5 c5 8. Bd3 Nc6 9. O-O c4 10. Be2 Nxe5 11. Bxe5 Be7 12. b4 O-O 13. Bg3 Qd7 14. f3 a5 15. Rb1 axb4 16. axb4 Ra3 17. Qd2 Bc6 18. Nd1 Nh5 19. Be1 f5 20. c3 g5 21. Nf2 Nf6 22. Nh3 h6 23. Bg3 Rfa8 24. Bd1 Qb7 25. Bc2 Be8 26. Be5 Nd7 27. Bg3 Bg6 28. Rb2 Qc6 29. Rc1 Bf6 30. f4 Bh5 31. Nf2 Nb6 32. h3 Na4 33. Bxa4 bxa4 34. fxg5 hxg5 35. Be5 Be7 36. g4 Bg6 37. gxf5 exf5 38. h4 Kf7 39. hxg5 Rg8 40. Nh3 Bh5 41. Qe1 Bf3 42. Qh4 Qg6 43. Kh2 Bxg5 44. Nxg5+ Qxg5 45. Qh7+ Ke6 46. Bf4 Qg7 47. Qxg7 Rxg7 48. b5 Be4 49. Be5 Rb3 50. Ra2 Rg6 51. Bf4 Rg8 52. Be5 a3 53. Rca1 f4 54. exf4 Rxb5 55. f5+ Bxf5 56. Rf2 Rb7 57. Bg3 Rh7+ 58. Kg2 Be4+ 0-1

[Event "79th ITA-ch 2019"]
[Site "Padova"]
[Date "2019.12.05"]
[Round "11"]
[White "Di Benedetto, Edoardo"]
[Black "Stella, Andrea"]
[Result "1/2-1/2"]
[WhiteElo "2396"]
[BlackElo "2475"]
[Annotator "TA"]
[PlyCount "23"]
[EventDate "2019.11.24"]
[EventType "tourn"]
[EventCountry "ITA"]
[SourceTitle "playchess.com"]
[Source "ChessBase"]
[SourceQuality "1"]

{[%evp 14,23,24,16,2,15,12,13,45,31,31,33]} 1. d4 Nf6 2. c4 e6 3. Nc3 Bb4 4. e3 b6 5. Nge2 Ba6 6. a3 Bxc3+ 7. Nxc3 d5 8. Qa4+ c6 {E45: Nimzo-Indian: Rubinstein: 4...b6 5 Ne2 Ba6} 9. Qb4 Qc7 $146 ({Predecessor:} 9... c5 10. Qa4+ Qd7 11. cxd5 exd5 12. Qxd7+ Kxd7 13. Bxa6 Nxa6 14. O-O cxd4 15. exd4 Nc7 16. Bf4 {0-1 (40) Colas,J (2323)-Vorontsov,P (2499) Chicago 2017}) 10. Bd2 dxc4 11. Bxc4 Bxc4 12. Qxc4 1/2-1/2

[Event "79th ITA-ch 2019"]
[Site "Padova"]
[Date "2019.12.05"]
[Round "11"]
[White "Barp, Alberto"]
[Black "Bellia, Fabrizio"]
[Result "0-1"]
[WhiteElo "2382"]
[BlackElo "2433"]
[Annotator "NA"]
[PlyCount "74"]
[EventDate "2019.11.24"]
[EventType "tourn"]
[EventCountry "ITA"]
[SourceTitle "playchess.com"]
[Source "ChessBase"]
[SourceQuality "1"]
[TimeControl "40/6600+30:20/3000+30:900+30"]

1. d4 Nf6 2. c4 e6 3. Nf3 b6 4. g3 Ba6 5. b3 Bb4+ 6. Bd2 Be7 7. Nc3 O-O 8. Qc2 {E15: Queen's Indian: 4 g3 sidelines, 4 g3 Ba6 and 4 g3 Bb7 early deviations} d5 9. cxd5 exd5 10. Bg2 c5 11. dxc5 bxc5 12. Ng5 $146 ({Predecessor:} 12. Ne5 Bb7 13. O-O Qc7 14. Nd3 Nc6 15. Rac1 Nd4 {½-½ (48) Rupsys,R (2366)-Schreiber,E (2530) ICCF email 2003}) 12... g6 13. Nh3 Nc6 14. O-O Nb4 15. Qd1 d4 16. Na4 Nbd5 17. Rc1 Rc8 18. Re1 Re8 19. Bg5 $15 Bb5 20. Qd2 Qd7 21. Nb2 Bf8 22. Bxf6 Nxf6 23. Nd3 Ne4 24. Qc2 Nc3 25. Nhf4 g5 26. Nh5 Qe6 27. e4 Qg6 28. g4 Kh8 29. Ng3 Nxa2 30. Qxa2 Bxd3 31. Qxa7 Qe6 32. e5 Qxb3 33. Nf5 Qe6 34. Ra1 Bxf5 35. Ra6 Re7 36. Bb7 Rxb7 37. Qxb7 Qd7 0-1

[Event "79th ITA-ch 2019"]
[Site "Padova"]
[Date "2019.12.05"]
[Round "12"]
[White "Moroni, Luca Jr"]
[Black "Lodici, Lorenzo"]
[Result "0-1"]
[WhiteElo "2541"]
[BlackElo "2459"]
[Annotator "ChessBase"]
[PlyCount "136"]
[EventDate "2019.11.24"]
[EventType "tourn"]
[EventCountry "ITA"]
[SourceTitle "playchess.com"]
[Source "ChessBase"]
[SourceQuality "1"]
[TimeControl "40/6600+30:20/3000+30:900+30"]

1. e4 e5 2. Nf3 Nc6 3. Bb5 a6 4. Ba4 d6 5. d4 b5 6. Bb3 Nxd4 7. Nxd4 exd4 8. Bd5 Rb8 9. Bc6+ Bd7 10. Bxd7+ Qxd7 11. Qxd4 Nf6 12. O-O Be7 13. Nc3 O-O 14. Qd3 Rfe8 15. f3 b4 16. Ne2 d5 17. e5 Bc5+ 18. Be3 Qb5 19. Bxc5 Qxc5+ 20. Qd4 Qxc2 21. Ng3 Nd7 22. Rac1 Qg6 23. f4 c6 24. f5 Qg5 25. h4 Qxg3 26. e6 fxe6 27. Rxc6 Qe5 28. Qa7 Nf6 29. fxe6 Ng4 30. Qf7+ Kh8 31. Qf4 Qxf4 32. Rxf4 Nf6 33. Rxa6 Kg8 34. g4 Re7 35. Rd4 Ne8 36. Ra4 Rxe6 37. Raxb4 Rxb4 38. Rxb4 Kf7 39. a4 Re4 40. Rb7+ Ke6 41. a5 Rxg4+ 42. Kf2 Nd6 43. Rb8 Kd7 44. a6 Ra4 45. Rg8 Rxa6 46. Rxg7+ Ke6 47. Rxh7 Rb6 48. Ke3 Rxb2 49. h5 Nf5+ 50. Kf4 Rf2+ 51. Kg4 Rg2+ 52. Kf3 Rh2 53. Rh8 Rh4 54. Re8+ Kf6 55. Rf8+ Ke5 56. Re8+ Kd4 57. Rh8 Kc3 58. Ke2 Rh3 59. Kf2 d4 60. Kg2 Rh4 61. Kf3 Kd3 62. Rh7 Kd2 63. Rh8 d3 64. Kf2 Rf4+ 65. Kg2 Ke2 66. Re8+ Ne3+ 67. Kg3 Rf3+ 68. Kh4 d2 0-1

[Event "79th ITA-ch 2019"]
[Site "Padova"]
[Date "2019.12.05"]
[Round "13"]
[White "Lodici, Lorenzo"]
[Black "Moroni, Luca Jr"]
[Result "0-1"]
[WhiteElo "2459"]
[BlackElo "2541"]
[Annotator "ChessBase"]
[PlyCount "66"]
[EventDate "2019.11.24"]
[EventType "tourn"]
[EventCountry "ITA"]
[SourceTitle "playchess.com"]
[Source "ChessBase"]
[SourceQuality "1"]
[TimeControl "40/6600+30:20/3000+30:900+30"]

1. d4 Nf6 2. c4 g6 3. g3 Bg7 4. Bg2 O-O 5. Nc3 d6 6. Nf3 Nbd7 7. O-O e5 8. e4 Re8 9. h3 exd4 10. Nxd4 Nc5 11. Re1 Bd7 12. Bf4 h6 13. g4 a6 14. Qd2 h5 15. g5 Nh7 16. h4 Nf8 17. Rad1 Rb8 18. Bg3 b5 19. cxb5 axb5 20. b4 Nce6 21. Nxe6 Bxe6 22. Nd5 Nd7 23. Rc1 Rc8 24. Bf1 c6 25. Bxd6 Ne5 26. Bxe5 Bxe5 27. Rxc6 Rxc6 28. Bxb5 Bc3 29. Qe3 Bxd5 30. Bxc6 Bxc6 31. Qxc3 Rxe4 32. Rxe4 Bxe4 33. Qe3 Bc6 0-1

[Event "79th ITA-ch 2019"]
[Site "Padova"]
[Date "2019.12.05"]
[Round "14"]
[White "Moroni, Luca Jr"]
[Black "Lodici, Lorenzo"]
[Result "0-1"]
[WhiteElo "2541"]
[BlackElo "2459"]
[Annotator "ChessBase"]
[PlyCount "74"]
[EventDate "2019.11.24"]
[EventType "tourn"]
[EventCountry "ITA"]
[SourceTitle "playchess.com"]
[Source "ChessBase"]
[SourceQuality "1"]

1. Nf3 d5 2. g3 Nf6 3. Bg2 e6 4. O-O Be7 5. c4 O-O 6. b3 d4 7. e3 c5 8. Ne5 Qd6 9. f4 Nfd7 10. Nxd7 Nxd7 11. e4 e5 12. f5 Bg5 13. h4 Bh6 14. g4 f6 15. d3 Bxc1 16. Qxc1 a6 17. a4 Nb8 18. g5 Nc6 19. Rf3 g6 20. fxg6 hxg6 21. gxf6 Rxf6 22. Rg3 Nd8 23. Nd2 Ne6 24. Nf3 Nf4 25. Qd2 Bd7 26. Rf1 Raf8 27. a5 Qe7 28. Rf2 Qh7 29. Rg5 Bh3 30. Bh1 Be6 31. Rxe5 Nh3+ 32. Kf1 Nxf2 33. Kxf2 Qxh4+ 34. Kg1 Qg3+ 35. Qg2 Rxf3 36. Qxg3 Rxg3+ 37. Kh2 Rh3+ 0-1